000 00575nam a2200193 a 4500
001 000026957
005 20200930030519.0
008 110328s1984 dr a 000 0 spa d
040 _aDO-SdBNP
_bspa
_cBNPHU
082 _axxx
_bP349i
100 1 _aPeña, José Alejandro
_d1964-
_97925
245 1 0 _aIniciación final /
_cJosé Alejandro Peña.
260 _aSanto Domingo :
_bCentro,
_c1984.
300 _a35 p. :
_bil. ;
_c22 cm.
490 1 _aExercicio
500 _aIncluye datos biográficos del autor en la contraportada
830 0 _aExercicio
_954048
049 _aBNPD
999 _c26449
_d26449